header

Mechanics and control of large flexible structures (Record no. 224312)

MARC details
000 -LEADER
fixed length control field 01623nam a2200361 a 4500
082 04 - DEWEY DECIMAL CLASSIFICATION NUMBER
Classification number 629.1 s
-- 629.4/11
245 00 - TITLE STATEMENT
Title Mechanics and control of large flexible structures
260 ## - PUBLICATION, DISTRIBUTION, ETC. (IMPRINT)
Place of publication Washington, D.C. :
Name of publisher American Institute of Aeronautics and Astronautics,
Year of publication c1990.
300 ## - PHYSICAL DESCRIPTION
Number of Pages xix, 697 p. :
Other physical details ill.
490 1# - SERIES STATEMENT
Series statement Progress in astronautics and aeronautics ;
505 0# - FORMATTED CONTENTS NOTE
Formatted contents note pt. 1. Structural modeling, identification, and dynamic analysis -- pt. 2. Control, stability analysis, and optimization -- pt. 3. Controls/structure interactions : analysis and experiments.
650 #0 - SUBJECT ADDED ENTRY--TOPICAL TERM
Topical Term Large space structures (Astronautics)
Topical Term Astrodynamics.
700 1# - ADDED ENTRY--PERSONAL NAME
Personal name Junkins, John L.
856 40 - ELECTRONIC LOCATION AND ACCESS
Uniform Resource Identifier http://site.ebrary.com/lib/rucke/Doc?id=10516740

No items available.

© 2026 Rongo University
Contact us: librarian | system librarian | Rongo university